ロード中...
Management information system managing the digital era /
| 第一著者: | |
|---|---|
| フォーマット: | Printed Book |
| 言語: | English |
| 出版事項: |
Kindersley :
Dorling,
2009.
|
| 主題: |
| LEADER | 00530nam a2200133Ia 4500 | ||
|---|---|---|---|
| 008 | 160114b xxu||||| |||| 00| 0 eng d | ||
| 100 | |a Laudon ,. Kenneth C. | ||
| 245 | |a Management information system |b managing the digital era / |c By . Kenneth C. Laudon | ||
| 260 | |a Kindersley : |b Dorling, |c 2009. | ||
| 300 | |a 731 p. | ||
| 653 | |a Management Information Systems | ||
| 942 | |c BK | ||
| 999 | |c 144257 |d 144257 | ||
| 952 | |0 0 |1 0 |4 0 |7 0 |9 153591 |a LIS |b LIS |c ST1 |d 2012-06-28 |e Cosmo Books, Calicut |g 550.00 |i 03067 |l 0 |p LIS3067 |r 2016-07-26 |w 2016-07-26 |x 13,179 |y BK | ||